Random French Numerals 0-100 - Statistics

General Stats
  • This quiz has been taken 92 times
  • The average score is 12 of 14
Answer Stats
Number Numeral % Correct
100 cent
100%
5 cinq
100%
55 cinquante-cinq
100%
52 cinquante-deux
100%
51 cinquante et un
100%
58 cinquante-huit
100%
59 cinquante-neuf
100%
56 cinquante-six
100%
17 dix-sept
100%
12 douze
100%
8 huit
100%
9 neuf
100%
11 onze
100%
45 quarante-cinq
100%
42 quarante-deux
100%
49 quarante-neuf
100%
44 quarante-quatre
100%
47 quarante-sept
100%
43 quarante-trois
100%
14 quatorze
100%
4 quatre
100%
85 quatre-vingt-cinq
100%
82 quatre-vingt-deux
100%
90 quatre-vingt-dix
100%
99 quatre-vingt-dix-neuf
100%
91 quatre-vingt-onze
100%
94 quatre-vingt-quatorze
100%
86 quatre-vingt-six
100%
81 quatre-vingt-un
100%
15 quinze
100%
16 seize
100%
6 six
100%
60 soixante
100%
70 soixante-dix
100%
79 soixante-dix-neuf
100%
72 soixante-douze
100%
76 soixante-seize
100%
35 trente-cinq
100%
34 trente-quatre
100%
3 trois
100%
1 un
100%
25 vingt-cinq
100%
21 vingt et un
100%
28 vingt-huit
100%
29 vingt-neuf
100%
24 vingt-quatre
100%
27 vingt-sept
100%
26 vingt-six
100%
23 vingt-trois
100%
0 zéro
100%
63 soixante-trois
86%
31 trente et un
86%
39 trente-neuf
86%
80 quatre-vingts
83%
7 sept
83%
13 treize
83%
19 dix-neuf
80%
88 quatre-vingt-huit
80%
93 quatre-vingt-treize
80%
68 soixante-huit
80%
32 trente-deux
80%
50 cinquante
75%
57 cinquante-sept
75%
2 deux
75%
41 quarante et un
75%
98 quatre-vingt-dix-huit
75%
92 quatre-vingt-douze
75%
89 quatre-vingt-neuf
75%
65 soixante-cinq
75%
69 soixante-neuf
75%
30 trente
75%
38 trente-huit
75%
22 vingt-deux
75%
10 dix
71%
40 quarante
71%
54 cinquante-quatre
67%
18 dix-huit
67%
46 quarante-six
67%
84 quatre-vingt-quatre
67%
96 quatre-vingt-seize
67%
83 quatre-vingt-trois
67%
67 soixante-sept
67%
36 trente-six
67%
48 quarante-huit
60%
87 quatre-vingt-sept
60%
64 soixante-quatre
60%
66 soixante-six
57%
53 cinquante-trois
50%
95 quatre-vingt-quinze
50%
78 soixante-dix-huit
50%
77 soixante-dix-sept
50%
61 soixante et un
50%
74 soixante-quatorze
50%
33 trente-trois
50%
71 soixante et onze
33%
37 trente-sept
33%
97 quatre-vingt-dix-sept
0%
62 soixante-deux
0%
75 soixante-quinze
0%
73 soixante-treize
0%
20 vingt
0%
No matching quizzes found
Score Distribution
Percent of People with Each Score
Percentile by Number Answered
Your Score History
You have not taken this quiz